Outstanding! 47 ways to make your organization exceptional.
| Main Author: | |
|---|---|
| Format: | Book |
| Published: |
New York:
Penguin Group,
2010.
|
| Subjects: |
| LEADER | 00506cam a2200169 7i4500 | ||
|---|---|---|---|
| 001 | 0000025311 | ||
| 005 | 20101216090000.0 | ||
| 020 | 0 | 0 | |a 978-0-399-15640-3 |
| 090 | 0 | 0 | |a B 658.401 |b MIL |
| 100 | 1 | 0 | |a Miller |
| 245 | 1 | 0 | |a Outstanding! 47 ways to make your organization exceptional. |
| 260 | 0 | 0 | |a New York: |b Penguin Group, |c 2010. |
| 300 | # | # | |a 206 p. |
| 650 | 0 | 0 | |a Organizational change |
| 650 | 0 | 0 | |a Customer service |
| 650 | 0 | 0 | |a Organizational effectiveness |
| 999 | |a B000027767 |b Book |c Book |e Business Information Centre | ||


